A guide to successful meeting planning

Bibliographic Details
Main Author: Weissinger, Suzanne Stewart
Format: Book
Language:English
Published: New York : John Wiley & Sons , 1992
Subjects:

MARC

LEADER 00000cam a2200000 7i4500
001 0000023517
005 20111006.0
008 111005s nyua eng
020 |a 0471545236 
040 |a INS 
090 0 0 |a HF5734.5   |b W45 1992 
100 1 |a Weissinger, Suzanne Stewart 
245 1 2 |a A guide to successful meeting planning   |c Suzanne Stewart Weissinger 
260 |a New York :   |b John Wiley & Sons ,   |c 1992 
300 |a vii, 211p. :   |b ill. ;   |c 28cm. 
500 |a Includes index 
650 0 |a Meetings   |x Planning   |x Handbooks, manuals, etc. 
999 |a 1000000171   |b BOOK   |c Open Shelf   |e Default branch